|
|
|
|
| LEADER |
00000ny a22000003n 4500 |
| 005 |
2011050902022.0 |
| 008 |
010309c19999999sp r s 0 0 0spa c |
| 022 |
|
|
|a 1576-2033
|
| 035 |
|
|
|a 59
|
| 040 |
|
|
|a UMA.RE
|d UMA.DER
|d vlex
|
| 080 |
|
|
|a 681.3:34(050)
|
| 090 |
|
|
|c 1465
|d 1465
|
| 245 |
0 |
0 |
|a Revista de la contratacin̤ electrn̤ica
|h [Recurso electrn̤ico]
|
| 246 |
3 |
3 |
|a RCE :
|b revista de la contratacin̤ electrn̤ica
|
| 256 |
|
|
|a Servicio en ln̕ea
|
| 260 |
|
|
|a Cd̀iz :
|b Publicaciones cientf̕icas y profesionales
|
| 506 |
1 |
|
|a Contenido solo disponible en los productos indicados
|d vLex Global
|d vLex Global (Academic Edition, excluding Law Schools)
|d vLex Global (U.S. Academic Edition, Law Schools)
|d vLex Global (U.S. Academic Edition, excluding Law Schools)
|d vLex Global (Academic Edition, Law Schools)
|
| 650 |
0 |
7 |
|a Comercio electrn̤ico
|2 Tesauro vLex
|
| 650 |
0 |
7 |
|2 Tesauro vLex
|a Nuevas tecnologa̕s
|
| 650 |
0 |
7 |
|2 Tesauro vLex
|a Contratacin̤ electrn̤ica
|
| 740 |
0 |
|
|a vLex Revista (Servicios en ln̕ea)
|
| 853 |
|
|
|8 1
|i (year)
|j (month)
|k (day)
|
| 856 |
4 |
0 |
|u http://vlex.com/source/rce-59
|z Acceso restringido
|
| 942 |
|
|
|c REV
|